[Event "POHÁR města Říčany 2024"]
[Site "Městské kulturní středisko U labutě"]
[Date "2024.07.05"]
[Round "8.30"]
[White "Gernert, Tomas"]
[Black "Masek, Tomas"]
[Result "*"]
[WhiteFideId "23750219"]
[BlackFideId "23755580"]
[WhiteElo "1745"]
[BlackElo "1699"]
[PlyCount "0"]
[EventDate "2024.06.29"]

1. e4 d5 2. exd5 Qxd5 3. Nc3 Qd6 4. d4 Nf6 5. Nf3 g6 6. Bc4 Bg7 7. O-O O-O
8. Nb5 Qb6 9. Bf4 Na6 10. a4 c6 11. Bc7 Nxc7 12. a5 Qa6 13. Bxf7+ Rxf7 14. Nxc7
Qc4 15. Ne5 Qb4 16. Nxf7 Rb8 17. c3 Qxb2 18. Rb1 Qxc3 19. Nd8 Bf5 20. Rc1 Qa3
21. Nce6 Qd6 22. Qb3 Nd5 23. Nxg7 Kxg7 24. Nxb7 Qc7 25. Qxd5 Qxb7 26. Qxc6 Qb2
27. Qc5 Rb7 28. Rfe1 e6 29. Qc3 Qa2 30. d5+ Kf7 31. dxe6+ Bxe6 1-0

[Event "POHÁR města Říčany 2024"]
[Site "Městské kulturní středisko U labutě"]
[Date "2024.07.05"]
[Round "8.31"]
[White "Jankovsky, Zbynek"]
[Black "Soukup, Alexandr"]
[Result "1-0"]
[WhiteElo "1739"]
[BlackElo "1527"]
[WhiteFideId "23700521"]
[BlackFideId "23763469"]
[PlyCount "0"]
[EventDate "2024.06.29"]

1. e4 e6 2. d4 d5 3. exd5 exd5 4. Nf3 Nf6 5. Bd3 Bd6 6. O-O O-O 7. Bg5 h6
8. Bh4 Be6 9. c3 Nbd7 10. Nbd2 c6 11. Re1 Bg4 12. h3 Bh5 13. Qc2 Bxf3 14. Nxf3
g5 15. Bg3 Bxg3 16. fxg3 Qc7 17. Qf2 Rfe8 18. Rxe8+ Rxe8 19. Rf1 Nh5 20. Nxg5 f6
21. Qf5 Nf8 22. Ne6 Rxe6 23. Qxh5 Qg7 24. Rf4 Nh7 25. Rg4 Ng5 26. h4 Re1+
27. Kh2 Re6 28. hxg5 fxg5 29. c4 Qd7 30. Bf5 dxc4 31. Re4 1-0